Risk assessment of Vibrio vulnificus in raw oysters : Interpretative summary and technical report.
Đã lưu trong:
| Định dạng: | Sách |
|---|---|
| Ngôn ngữ: | Undetermined |
| Được phát hành: |
Rome, Italy
FAO
2005
|
| Những chủ đề: | |
| Các nhãn: |
Thêm thẻ
Không có thẻ, Là người đầu tiên thẻ bản ghi này!
|
| Thư viện lưu trữ: | Trung tâm Học liệu Trường Đại học Cần Thơ |
|---|
| LEADER | 00548nam a2200181Ia 4500 | ||
|---|---|---|---|
| 001 | CTU_130451 | ||
| 008 | 210402s9999 xx 000 0 und d | ||
| 082 | |a 579.165 | ||
| 082 | |b F686/No.8 | ||
| 245 | 0 | |a Risk assessment of Vibrio vulnificus in raw oysters : | |
| 245 | 0 | |b Interpretative summary and technical report. | |
| 245 | 0 | |c FAO | |
| 260 | |a Rome, Italy | ||
| 260 | |b FAO | ||
| 260 | |c 2005 | ||
| 650 | |a Vibrio vulnificus.,Oysters,Health risk assessment | ||
| 650 | |x Pathogens. | ||
| 980 | |a Trung tâm Học liệu Trường Đại học Cần Thơ | ||